5HLuxD.jpg

KING HENRY VIII SENIOR AND PRIMARY SCHOOL LIBRARY OPAC

We are young / (Record no. 514)

000 -LEADER
fixed length control field 01281nam a22002177a 4500
005 - DATE AND TIME OF LATEST TRANSACTION
control field 20190819151333.0
008 - FIXED-LENGTH DATA ELEMENTS--GENERAL INFORMATION
fixed length control field 190819b ||||| |||| 00| 0 eng d
020 ## - INTERNATIONAL STANDARD BOOK NUMBER
International Standard Book Number 9781786540058
040 ## - CATALOGING SOURCE
Transcribing agency KH8
082 ## - DEWEY DECIMAL CLASSIFICATION NUMBER
Classification number FIC CLA
100 ## - MAIN ENTRY--PERSONAL NAME
Personal name Clarke, Cat
245 ## - TITLE STATEMENT
Title We are young /
Statement of responsibility, etc. Cat Clarke
260 ## - PUBLICATION, DISTRIBUTION, ETC.
Place of publication, distribution, etc. London :
Name of publisher, distributor, etc. Quercus, a division of Hodder and Stoughton,
Date of publication, distribution, etc. [2018] ©2018
300 ## - PHYSICAL DESCRIPTION
Extent 355 pages ;
Dimensions 20 cm.
520 ## - SUMMARY, ETC.
Summary, etc. <br/>On the same night Evan's mother marries local radio DJ 'Breakfast Tim', Evan's brand-new step-brother Lewis is found unconscious and terribly injured, the only survivor of a horrific car crash. A media furore erupts, with the finger of blame pointed firmly at stoner, loner Lewis. Everyone else seems to think the crash was drugs-related, but Evan isn't buying it. With the help of her journalist father, Harry, she decides to find out what really happened that night. As Evan delves deeper into the lives of the three teenagers who died in the crash, she uncovers some disturbing truths and a secret that threatens to tear her family - and the community - apart for ever...
650 ## - SUBJECT ADDED ENTRY--TOPICAL TERM
Topical term or geographic name entry element Drugs
Form subdivision Teen fiction.
650 ## - SUBJECT ADDED ENTRY--TOPICAL TERM
Topical term or geographic name entry element Gay teenagers
Form subdivision Teen fiction.
650 ## - SUBJECT ADDED ENTRY--TOPICAL TERM
Topical term or geographic name entry element Death
Form subdivision Teen fiction.
650 ## - SUBJECT ADDED ENTRY--TOPICAL TERM
Topical term or geographic name entry element Suicide
Form subdivision Teen fiction.
942 ## - ADDED ENTRY ELEMENTS (KOHA)
Source of classification or shelving scheme
Koha item type Books - Fiction
Holdings
Withdrawn status Lost status Source of classification or shelving scheme Damaged status Not for loan Collection code Permanent Location Current Location Shelving location Date acquired Total Checkouts Total Renewals Full call number Barcode Date last seen Date last checked out Price effective from Koha item type
          Fiction KH8 Senior School Library KH8 Senior School Library Young Adult 2019-08-19 7 2 FIC CLA 3KHSL000100317 2025-04-29 2025-04-16 2019-08-19 Books - Fiction

Powered By KH8 IT Dept